00451cam a22001451a 4500082001300000100001900013245006200032260004400094300000800138500007200146526003700218650002000255650000800275700002200283 a811bNEW aAmerican Poets10aNew Poems by American poets /cedited by Rolfe Humphries. aNew York :bBooks for Libraries,c1970- a v. aReprint of a serial published by Ballantine Books : New York, 1957. a0b0c0d811_000000000000000_NEW 0aAmerican poetry 0aMCE1 aHumphries, Rolfe.